[Event "2. Bundesliga West 2019/20"]
[Site "Wolfurt"]
[Date "2019.10.04"]
[Round "1"]
[Board "5"]
[White "Heinrici, Simon"]
[Black "Bischofberger, Dario"]
[Result "1/2-1/2"]
[WhiteElo "2131"]
[BlackElo "2152"]
[PlyCount "133"]
[EventDate "2019.10.04"]
[EventType "team"]
[EventRounds "11"]
[EventCountry "AUT"]
[WhiteTeam "Hohenems II"]
[BlackTeam "Wolfurt"]

1. e4 e6 2. d4 d5 3. Nc3 Nf6 4. exd5 exd5 5. Bd3 Nc6 6. Nge2 Bg4 7. f3 Bh5 8.
Bg5 Bb4 9. O-O Ne7 10. a3 Bd6 11. Nb5 Bg6 12. Re1 Nfg8 13. Nxd6+ Qxd6 14. c4
Bxd3 15. Qxd3 h6 16. Bf4 Qd7 17. cxd5 Nf6 18. Nc3 O-O 19. Qb5 Qxb5 20. Nxb5
Nexd5 21. Bg3 Rfd8 22. Nxc7 Nxc7 23. Bxc7 Rxd4 24. Be5 Rd7 25. Bxf6 gxf6 26.
Rad1 Rxd1 27. Rxd1 Rc8 28. Rd2 Kg7 29. Kf2 Rc7 30. Ke3 Kg6 31. Kf4 Rc4+ 32. Ke3
Rc7 33. Re2 Kf5 34. Kd4 h5 35. Kd3 Rd7+ 36. Ke3 Re7+ 37. Kf2 Rd7 38. Rc2 Rd5
39. Ke2 Rd7 40. Rc5+ Kg6 41. Rb5 Kh6 42. Ra5 b6 43. Ra4 Kg5 44. Rc4 Kf5 45. Rb4
Rd8 46. Rh4 Kg5 47. Re4 Rd7 48. Re8 Kg6 49. Kf2 Rd2+ 50. Re2 Rd7 51. Kg3 Kg5
52. Rc2 Kg6 53. Kf4 Rd4+ 54. Ke3 Rd7 55. Rd2 Re7+ 56. Kd4 Kf5 57. Kd3 Rd7+ 58.
Ke3 Re7+ 59. Kf2 Rc7 60. Kg3 Kg6 61. Kh4 Rc4+ 62. Kh3 Rc7 63. g3 Re7 64. Kh4
Rc7 65. g4 Rc4 66. Kg3 hxg4 67. fxg4  1/2-1/2

[Event "2. Bundesliga West 2019/20"]
[Site "Wolfurt"]
[Date "2019.10.04"]
[Round "1"]
[Board "6"]
[White "Berchtold, Guenter"]
[Black "Kienboeck, Benjamin"]
[Result "0-1"]
[WhiteElo "1934"]
[BlackElo "1968"]
[PlyCount "154"]
[EventDate "2019.10.04"]
[EventType "team"]
[EventRounds "11"]
[EventCountry "AUT"]
[WhiteTeam "Wolfurt"]
[BlackTeam "Hohenems II"]

1. d4 Nf6 2. Nf3 d5 3. Bf4 c6 4. Nbd2 Bf5 5. e3 h6 6. h3 Nbd7 7. Be2 e6 8. O-O
Be7 9. Re1 O-O 10. Ne5 Nxe5 11. Bxe5 Nd7 12. Bg3 c5 13. c3 Qb6 14. Qc1 Rac8 15.
Nf3 Rfd8 16. Bd1 Bf6 17. Bc2 Bxc2 18. Qxc2 cxd4 19. exd4 Bxd4 20. a4 a5 21.
Nxd4 Qxd4 22. Qe2 Qc4 23. Qd1 Nc5 24. Qh5 Rd7 25. Red1 Ne4 26. Be5 f6 27. Bd4
e5 28. Bb6 Qc6 29. Be3 Rf7 30. f4 exf4 31. Bxf4 Qb6+ 32. Kh2 Qxb2 33. Rab1 Qf2
34. Rf1 Qc5 35. Rb5 Qc4 36. Rf3 Ng5 37. Bxg5 hxg5 38. Qg4 Qxg4 39. hxg4 Rc4 40.
Rxa5 Rxg4 41. Rxd5 Rxa4 42. Rd8+ Kh7 43. Rfd3 Rc4 44. R8d4 Rc6 45. Rb4 Rfc7 46.
Rb3 Kg6 47. Kg3 Kf5 48. Kf3 g4+ 49. Kg3 Kg5 50. Kf2 f5 51. Ke3 Re6+ 52. Kf2
Rce7 53. Rb2 f4 54. g3 f3 55. Rd5+ Kf6 56. Rd4 Re2+ 57. Rxe2 Rxe2+ 58. Kf1 Kf5
59. Rf4+ Kg5 60. Rf7 Rg2 61. Rxg7+ Kf5 62. Rf7+ Ke4 63. Re7+ Kd3 64. Rxb7 Rxg3
65. Rd7+ Kxc3 66. Rc7+ Kd4 67. Rd7+ Ke5 68. Re7+ Kf6 69. Re8 Rh3 70. Rf8+ Kg5
71. Rg8+ Kh4 72. Rf8 Kg3 73. Ke1 Rh1+ 74. Kd2 f2 75. Ke2 f1=Q+ 76. Rxf1 Rxf1
77. Kxf1 Kh2  0-1

[Event "2. Bundesliga West 2019/20"]
[Site "Neumarkt"]
[Date "2019.10.04"]
[Round "1"]
[Board "1"]
[White "Egger, Martin"]
[Black "Burschowsky, Matthias"]
[Result "1/2-1/2"]
[WhiteElo "2007"]
[BlackElo "2249"]
[PlyCount "85"]
[EventDate "2019.10.04"]
[EventType "team"]
[EventRounds "11"]
[EventCountry "AUT"]
[WhiteTeam "Sparkasse Neumarkt"]
[BlackTeam "ASK Salzburg"]

1. e4 c5 2. Nf3 g6 3. d4 cxd4 4. Nxd4 Nc6 5. Nc3 Bg7 6. Be3 Nf6 7. Bc4 Qa5 8.
O-O O-O 9. Bb3 d6 10. h3 Bd7 11. Re1 Rfe8 12. Qe2 Rac8 13. Rad1 a6 14. Nf3 Ne5
15. Nxe5 Qxe5 16. Bd4 Qa5 17. Nd5 Nxd5 18. exd5 Ba4 19. Bxg7 Kxg7 20. Qd3 Bxb3
21. axb3 Qc5 22. c3 a5 23. Re4 Qb6 24. Rde1 Rc7 25. Rh4 Qxb3 26. Qd2 h5 27.
Rxh5 Rh8 28. Rxh8 Kxh8 29. Re4 Kg8 30. h4 Rc5 31. Rxe7 Rxd5 32. Qh6 Re5 33. Rc7
Re8 34. Qf4 Qd5 35. Rd7 Qb3 36. c4 Rf8 37. Qd4 a4 38. h5 Qc2 39. hxg6 Qb1+ 40.
Kh2 Qxg6 41. Rxd6 Qh5+ 42. Kg1 Re8 43. Rd8  1/2-1/2

[Event "2. Bundesliga West 2019/20"]
[Site "Neumarkt"]
[Date "2019.10.04"]
[Round "1"]
[Board "2"]
[White "Besner, Bernhard"]
[Black "Donegani, Peter"]
[Result "1/2-1/2"]
[WhiteElo "2155"]
[BlackElo "2082"]
[PlyCount "133"]
[EventDate "2019.10.04"]
[EventType "team"]
[EventRounds "11"]
[EventCountry "AUT"]
[WhiteTeam "ASK Salzburg"]
[BlackTeam "Sparkasse Neumarkt"]

1. e4 d5 2. exd5 Qxd5 3. Nf3 Bg4 4. Be2 Nc6 5. h3 Bh5 6. d4 e6 7. c4 Bb4+ 8.
Nc3 Qa5 9. g4 Bg6 10. Bd2 Nf6 11. a3 Bxc3 12. Bxc3 Qa6 13. c5 b5 14. a4 Qb7 15.
axb5 Ne7 16. c6 Qc8 17. Ne5 Be4 18. Bf3 Bd5 19. Bb4 a6 20. Qa4 Bxf3 21. Nxf3
Nfd5 22. Bxe7 Nxe7 23. Qa3 Qd8 24. O-O O-O 25. Qc5 Qd6 26. Qxd6 cxd6 27. bxa6
Nxc6 28. Rfc1 Nb4 29. a7 Nd5 30. Rc6 Rfd8 31. Nd2 Kf8 32. Nc4 Ke7 33. Ne3 Nxe3
34. Rc7+ Rd7 35. Rxd7+ Kxd7 36. fxe3 Kc6 37. Ra6+ Kb5 38. Rxd6 Rxa7 39. Kf2 Kc4
40. Rb6 Kd5 41. Kf3 h6 42. h4 g6 43. Rb8 Ra1 44. Rd8+ Kc4 45. Rh8 Kd3 46. Rxh6
Rf1+ 47. Kg2 Rb1 48. h5 Rxb2+ 49. Kg3 gxh5 50. gxh5 Kxe3 51. Rf6 Kxd4 52. Rxf7
e5 53. h6 Rb6 54. h7 Rh6 55. Kg4 e4 56. Kg5 Rh1 57. Kg6 e3 58. Rd7+ Kc3 59.
Rc7+ Kd3 60. Rd7+ Kc2 61. Kg7 Rxh7+ 62. Kxh7 e2 63. Re7 Kd1 64. Rd7+ Kc2 65.
Rc7+ Kd2 66. Re7 e1=Q 67. Rxe1  1/2-1/2

[Event "2. Bundesliga West 2019/20"]
[Site "Neumarkt"]
[Date "2019.10.04"]
[Round "1"]
[Board "3"]
[White "Baier, Patrick"]
[Black "Scheiblmaier, Robert"]
[Result "1/2-1/2"]
[WhiteElo "2021"]
[BlackElo "2177"]
[PlyCount "149"]
[EventDate "2019.10.04"]
[EventType "team"]
[EventRounds "11"]
[EventCountry "AUT"]
[WhiteTeam "Sparkasse Neumarkt"]
[BlackTeam "ASK Salzburg"]

1. e4 e6 2. d4 d5 3. Nc3 Bb4 4. Qg4 Nf6 5. Qxg7 Rg8 6. Qh6 Rg6 7. Qe3 dxe4 8.
Bd2 Qe7 9. Nxe4 Nxe4 10. Qxe4 Bxd2+ 11. Kxd2 Qb4+ 12. Kc1 Nc6 13. Nf3 Bd7 14.
Rg1 O-O-O 15. Bd3 f5 16. Qe3 Kb8 17. c3 Qf8 18. Kc2 Qg8 19. g3 Rg7 20. Rge1 Qf7
21. Ng5 Qh5 22. Nxe6 Bxe6 23. Qxe6 Qxh2 24. Qxf5 Rxg3 25. Rh1 Qg2 26. Be4 Rg5
27. Bxc6 Rxf5 28. Bxg2 Rxf2+ 29. Kb3 Rxg2 30. Rxh7 a5 31. Rah1 Rd6 32. R1h6
Rxh6 33. Rxh6 b6 34. a4 Kb7 35. Rh3 Rd2 36. Rh4 Rg2 37. Rh1 Rd2 38. Rc1 Kc6 39.
Rc2 Rd1 40. Kc4 Rh1 41. d5+ Kd6 42. Rd2 Rh4+ 43. Rd4 Rh2 44. b3 c6 45. b4 axb4
46. cxb4 Rc2+ 47. Kb3 Rh2 48. dxc6+ Kxc6 49. b5+ Kc7 50. Rf4 Rh3+ 51. Kc4 Rh7
52. Kd5 Rd7+ 53. Ke6 Rd6+ 54. Ke5 Rd7 55. Rc4+ Kb7 56. Ke6 Rh7 57. Rf4 Rh6+ 58.
Rf6 Rh4 59. Rf7+ Kb8 60. Kd6 Rxa4 61. Kc6 Rh4 62. Kxb6 Rh6+ 63. Ka5 Rg6 64. Rd7
Rh6 65. Kb4 Rh4+ 66. Kc5 Rh5+ 67. Kc6 Rh6+ 68. Rd6 Rxd6+ 69. Kxd6 Kb7 70. Kc5
Kc7 71. b6+ Kb7 72. Kb5 Kb8 73. Kc6 Kc8 74. b7+ Kb8 75. Kb6  1/2-1/2

[Event "2. Bundesliga West 2019/20"]
[Site "Neumarkt"]
[Date "2019.10.04"]
[Round "1"]
[Board "4"]
[White "Herrmann, Michael"]
[Black "Preundler, Stefan"]
[Result "1-0"]
[WhiteElo "2123"]
[BlackElo "1929"]
[PlyCount "89"]
[EventDate "2019.10.04"]
[EventType "team"]
[EventRounds "11"]
[EventCountry "AUT"]
[WhiteTeam "ASK Salzburg"]
[BlackTeam "Sparkasse Neumarkt"]

1. c4 Nf6 2. g3 g6 3. Bg2 d5 4. cxd5 Nxd5 5. Nf3 Bg7 6. d4 O-O 7. e4 Nb6 8. b3
Bg4 9. Bb2 c5 10. e5 Nc6 11. dxc5 Qxd1+ 12. Kxd1 Nxe5 13. Nbd2 Rfd8 14. Bxe5
Bxe5 15. Rc1 Nd5 16. h3 Bxf3+ 17. Bxf3 Nc3+ 18. Kc2 Nxa2 19. Bxb7 Nxc1 20. Rxc1
Rab8 21. c6 Rxb7 22. cxb7 Rb8 23. Nc4 Bd6 24. Na5 Kf8 25. Kd3 Ke8 26. Kc4 a6
27. Kd5 Kd7 28. Rc6 Bc7 29. Rxa6 Bxa5 30. Rxa5 Rxb7 31. Kc4 Kc6 32. Rc5+ Kb6
33. Rb5+ Kc6 34. Rxb7 Kxb7 35. Kc5 Kc7 36. f4 h5 37. b4 Kb7 38. Kb5 f6 39. Kc5
Kc7 40. h4 Kd7 41. b5 Kc7 42. Kd5 Kd7 43. b6 e6+ 44. Kc5 e5 45. fxe5  1-0

[Event "2. Bundesliga West 2019/20"]
[Site "Neumarkt"]
[Date "2019.10.04"]
[Round "1"]
[Board "5"]
[White "Bruckner, Simon"]
[Black "Usleber, Helmut"]
[Result "0-1"]
[WhiteElo "1858"]
[BlackElo "2029"]
[PlyCount "112"]
[EventDate "2019.10.04"]
[EventType "team"]
[EventRounds "11"]
[EventCountry "AUT"]
[WhiteTeam "Sparkasse Neumarkt"]
[BlackTeam "ASK Salzburg"]

1. e4 c5 2. Nf3 Nc6 3. d4 cxd4 4. Nxd4 Nf6 5. Nc3 e5 6. Ndb5 d6 7. Bg5 a6 8.
Na3 b5 9. Nd5 Be7 10. Bxf6 Bxf6 11. Nxf6+ Qxf6 12. c4 b4 13. Nc2 O-O 14. Be2 a5
15. O-O Bb7 16. Qd3 Qg6 17. Bf3 Kh8 18. Rad1 Rad8 19. g3 Bc8 20. Bg2 Be6 21.
Ne3 Nd4 22. f4 Bg4 23. Nxg4 Qxg4 24. Bf3 Qc8 25. b3 Qc5 26. Kh1 Ra8 27. Rd2 a4
28. Bd1 axb3 29. Bxb3 Ra3 30. Rdf2 f6 31. g4 Qb6 32. g5 Nxb3 33. axb3 fxg5 34.
f5 Qd4 35. Rd2 Rxb3 36. Qxd4 exd4 37. Rxd4 Re3 38. Rb1 b3 39. Kg2 Rb8 40. Rxd6
h5 41. Rd4 Re2+ 42. Kg1 b2 43. c5 Rc2 44. Rdd1 Rxc5 45. Re1 Kg8 46. Kf2 Rc2+
47. Re2 Rxe2+ 48. Kxe2 Kf7 49. Kd3 Kf6 50. Kd4 g4 51. Kd5 Rd8+ 52. Kc4 Rd2 53.
h3 gxh3 54. Kc3 Rg2 55. Rh1 h2 56. Kd3 Rg1  0-1

[Event "2. Bundesliga West 2019/20"]
[Site "Neumarkt"]
[Date "2019.10.04"]
[Round "1"]
[Board "6"]
[White "Kastenhuber, Robert"]
[Black "Kriechbaum, Paul"]
[Result "1-0"]
[WhiteElo "1926"]
[BlackElo "1805"]
[PlyCount "147"]
[EventDate "2019.10.04"]
[EventType "team"]
[EventRounds "11"]
[EventCountry "AUT"]
[WhiteTeam "ASK Salzburg"]
[BlackTeam "Sparkasse Neumarkt"]

1. e4 g6 2. d4 Bg7 3. f4 d6 4. Nf3 a6 5. a4 b6 6. Bc4 e6 7. Nc3 Ne7 8. Qe2 O-O
9. Bb3 Bb7 10. O-O h6 11. Be3 Nd7 12. Rad1 d5 13. e5 c5 14. g4 Rc8 15. Qd2 Kh7
16. Ne2 a5 17. c3 Ba6 18. Rf2 Qe8 19. Ng3 f5 20. exf6 Nxf6 21. Ne5 Nd7 22. Bc2
Nxe5 23. fxe5 Rxf2 24. Qxf2 Qf8 25. Qg2 cxd4 26. cxd4 Qe8 27. Nh5 Ng8 28. Nxg7
Kxg7 29. Rd2 Rc7 30. Rf2 Rf7 31. Rxf7+ Qxf7 32. Qf2 g5 33. h4 gxh4 34. Qxf7+
Kxf7 35. Kg2 Kg7 36. Kh3 Ne7 37. Kxh4 Nc6 38. Kh5 Nb4 39. Bxh6+ Kg8 40. Bg6 Nc6
41. Be3 Be2 42. Kg5 Kg7 43. Bc2 Nb4 44. Bb3 b5 45. axb5 Bxb5 46. Bd1 Nc6 47.
Kf4 Nb4 48. Kf3 Nd3 49. b3 Nb4 50. Bd2 Nc6 51. Ke3 Bf1 52. Bc3 Kg6 53. Kf4 Bd3
54. Ke3 Bf1 55. Be2 Bxe2 56. Kxe2 Kg5 57. Kf3 Kg6 58. Kg2 Kg5 59. Kg3 Kg6 60.
Kh4 Kh6 61. g5+ Kg6 62. Kg4 Kg7 63. Kh5 Kh7 64. g6+ Kg7 65. Kg5 Ne7 66. Bxa5
Nxg6 67. Bb4 Nh8 68. Bc5 Nf7+ 69. Kh5 Nd8 70. b4 Kf7 71. b5 Ke8 72. Kg6 Kd7 73.
Kf6 Nb7 74. Bb6  1-0

[Event "2. Bundesliga West 2019/20"]
[Site "Neumarkt"]
[Date "2019.10.04"]
[Round "1"]
[Board "1"]
[White "Pitl, Gregory"]
[Black "Stajner, Samo"]
[Result "1-0"]
[WhiteElo "2373"]
[BlackElo "2382"]
[PlyCount "69"]
[EventDate "2019.10.04"]
[EventType "team"]
[EventRounds "11"]
[EventCountry "AUT"]
[WhiteTeam "Royal Salzburg"]
[BlackTeam "Schwarzach"]

1. e4 g6 2. d4 Bg7 3. Nf3 d6 4. Bc4 a6 5. a4 b6 6. O-O e6 7. Re1 Ne7 8. Bb3 O-O
9. c3 Nd7 10. Nbd2 Bb7 11. Nf1 h6 12. Ng3 Kh7 13. h4 c5 14. h5 e5 15. Be3 Qc7
16. Qe2 Rac8 17. Red1 c4 18. Bc2 b5 19. Nh2 Rce8 20. Qd2 exd4 21. Bxd4 Ne5 22.
f4 Rd8 23. Be3 d5 24. fxe5 Bxe5 25. Ng4 dxe4 26. Bd4 Rxd4 27. Qxh6+ Kg8 28.
cxd4 Bg7 29. Qg5 f6 30. Qe3 f5 31. h6 Nd5 32. Qg5 fxg4 33. hxg7 Rf3 34. Qh6 Kf7
35. Qh8  1-0

[Event "2. Bundesliga West 2019/20"]
[Site "Neumarkt"]
[Date "2019.10.04"]
[Round "1"]
[Board "2"]
[White "Ruecker, Benjamin"]
[Black "De Visser, Leon"]
[Result "1/2-1/2"]
[WhiteElo "2238"]
[BlackElo "2224"]
[PlyCount "60"]
[EventDate "2019.10.04"]
[EventType "team"]
[EventRounds "11"]
[EventCountry "AUT"]
[WhiteTeam "Schwarzach"]
[BlackTeam "Royal Salzburg"]

1. c4 c6 2. Nf3 d5 3. e3 Nf6 4. Nc3 e6 5. b3 Nbd7 6. Qc2 Bd6 7. Bb2 Qe7 8. Be2
dxc4 9. bxc4 e5 10. d4 O-O 11. O-O Re8 12. Rae1 e4 13. Nd2 Nf8 14. f3 exf3 15.
Bxf3 Qc7 16. h3 Ng6 17. Nde4 Nxe4 18. Nxe4 Bh2+ 19. Kh1 Nh4 20. g4 Bg3 21. Nxg3
Qxg3 22. Qh2 Qxh2+ 23. Kxh2 Nxf3+ 24. Rxf3 Re4 25. Rf4 Rxf4 26. exf4 Be6 27.
Rc1 Re8 28. Kg3 f6 29. Kf3 Bf7 30. a4 h5  1/2-1/2

[Event "2. Bundesliga West 2019/20"]
[Site "Neumarkt"]
[Date "2019.10.04"]
[Round "1"]
[Board "3"]
[White "Durakovic, Alman"]
[Black "Roeberg, Frank"]
[Result "1-0"]
[WhiteElo "2292"]
[BlackElo "2194"]
[PlyCount "65"]
[EventDate "2019.10.04"]
[EventType "team"]
[EventRounds "11"]
[EventCountry "AUT"]
[WhiteTeam "Royal Salzburg"]
[BlackTeam "Schwarzach"]

1. d4 Nf6 2. c4 g6 3. g3 Bg7 4. Bg2 d6 5. Nc3 c6 6. Nf3 O-O 7. O-O Qa5 8. e4
Bg4 9. h3 Bxf3 10. Bxf3 e5 11. d5 cxd5 12. cxd5 b5 13. a3 b4 14. Qa4 Qxa4 15.
Nxa4 b3 16. Be3 Nbd7 17. Rfc1 Rfc8 18. Rc6 Ne8 19. Be2 Rxc6 20. dxc6 Ndf6 21.
Ba6 Nc7 22. Bb7 Re8 23. Bxa7 Nxe4 24. Bb6 Re7 25. Bxc7 Rxc7 26. Nb6 Nc5 27. Nd5
Rxb7 28. cxb7 Nxb7 29. a4 Na5 30. Rc1 Bh6 31. Rc8+ Kg7 32. Kf1 Nb7 33. Ke2  1-0

[Event "2. Bundesliga West 2019/20"]
[Site "Neumarkt"]
[Date "2019.10.04"]
[Round "1"]
[Board "4"]
[White "Ljubic, Juro"]
[Black "Pflug, Mathias"]
[Result "1/2-1/2"]
[WhiteElo "2162"]
[BlackElo "2285"]
[PlyCount "68"]
[EventDate "2019.10.04"]
[EventType "team"]
[EventRounds "11"]
[EventCountry "AUT"]
[WhiteTeam "Schwarzach"]
[BlackTeam "Royal Salzburg"]

1. e4 c5 2. Nc3 Nc6 3. f4 g6 4. Nf3 Bg7 5. Bb5 Nd4 6. O-O Nxb5 7. Nxb5 d5 8.
exd5 a6 9. Nc3 Nf6 10. d4 Nxd5 11. dxc5 Nxc3 12. Qxd8+ Kxd8 13. bxc3 Bxc3 14.
Rb1 Kc7 15. Bb2 Bxb2 16. Rxb2 Be6 17. Re1 Rhe8 18. Ne5 Rad8 19. c4 f6 20. Nxg6
hxg6 21. Rxe6 Rd4 22. Reb6 Rxf4 23. Rxb7+ Kc6 24. Ra7 Kxc5 25. Rxa6 Rd8 26. g3
Rxc4 27. Re6 Rd7 28. Rbe2 Ra4 29. Rxe7 Rxa2 30. Rxa2 Rxe7 31. Ra6 Rf7 32. Re6
Kd5 33. Re8 Ra7 34. h4 Ra2  1/2-1/2

[Event "2. Bundesliga West 2019/20"]
[Site "Neumarkt"]
[Date "2019.10.04"]
[Round "1"]
[Board "5"]
[White "Leeb, Simon"]
[Black "Stoeckl, Norbert"]
[Result "1-0"]
[WhiteElo "2203"]
[BlackElo "2054"]
[PlyCount "49"]
[EventDate "2019.10.04"]
[EventType "team"]
[EventRounds "11"]
[EventCountry "AUT"]
[WhiteTeam "Royal Salzburg"]
[BlackTeam "Schwarzach"]

1. d4 Nf6 2. c4 g6 3. Nc3 d5 4. g3 Bg7 5. cxd5 Nxd5 6. Bg2 Be6 7. Nf3 Nxc3 8.
bxc3 Bd5 9. Qd3 b6 10. O-O Nd7 11. Ba3 O-O 12. Rfe1 Bb7 13. Rad1 Re8 14. Qc2
Qc8 15. e4 c5 16. d5 b5 17. Bh3 Rd8 18. e5 Qc7 19. e6 Nf8 20. exf7+ Kh8 21. c4
e6 22. dxe6 Bxf3 23. Rxd8 Qe7 24. Re8 Qxe8 25. fxe8=Q  1-0

[Event "2. Bundesliga West 2019/20"]
[Site "Neumarkt"]
[Date "2019.10.04"]
[Round "1"]
[Board "6"]
[White "Hamzic, Vahidin"]
[Black "Wieneroiter, Gerald"]
[Result "0-1"]
[WhiteElo "2019"]
[BlackElo "2147"]
[PlyCount "116"]
[EventDate "2019.10.04"]
[EventType "team"]
[EventRounds "11"]
[EventCountry "AUT"]
[WhiteTeam "Schwarzach"]
[BlackTeam "Royal Salzburg"]

1. Nf3 d5 2. g3 Nf6 3. Bg2 c6 4. b3 Bf5 5. Bb2 Nbd7 6. d3 e6 7. O-O Be7 8. Nbd2
h6 9. a4 O-O 10. c4 a5 11. Qc2 Bh7 12. Rad1 Nc5 13. Bxf6 gxf6 14. Qc3 Re8 15.
d4 Ne4 16. Nxe4 Bxe4 17. Qe3 Bf8 18. Nh4 Bxg2 19. Nxg2 f5 20. Nf4 Qg5 21. h4
Qg4 22. Kg2 Bd6 23. Nd3 Qe4+ 24. Kh3 Qg4+ 25. Kg2 Qe4+ 26. Kh3 Qxe3 27. fxe3 b5
28. c5 Bc7 29. axb5 cxb5 30. Ra1 f6 31. Kg2 Kf7 32. Kf3 e5 33. Kf2 Rg8 34. Rg1
Rg4 35. dxe5 fxe5 36. Ra2 Ke6 37. Rc2 a4 38. bxa4 bxa4 39. Ra2 Kd7 40. c6+ Kxc6
41. Rc1+ Rc4 42. Rb1 Bd6 43. Nb2 Rc2 44. Raa1 a3 45. Nd3 Ra4 46. Ne1 Rb2 47.
Rc1+ Rc4 48. Nd3 Rbc2 49. Rxc2 Rxc2 50. Ne1 Rb2 51. Nd3 Rb5 52. Ra2 e4 53. Rc2+
Kd7 54. Nc1 Rc5 55. Rxc5 Bxc5 56. h5 Ke7 57. Na2 Kf6 58. Nc1 Kg5  0-1

[Event "2. Bundesliga West 2019/20"]
[Site "Jenbach"]
[Date "2019.10.05"]
[Round "2"]
[Board "1"]
[White "Schlosser, Philipp"]
[Black "Moroder, Stefan"]
[Result "1/2-1/2"]
[WhiteElo "2514"]
[BlackElo "2255"]
[PlyCount "92"]
[EventDate "2019.10.04"]
[EventType "team"]
[EventRounds "11"]
[EventCountry "AUT"]
[WhiteTeam "Jenbach 2"]
[BlackTeam "Rochade/Rum"]

1. d4 Nf6 2. c4 g6 3. Nc3 Bg7 4. e4 d6 5. Be2 O-O 6. Be3 e5 7. d5 Na6 8. g4 Nc5
9. f3 a5 10. h4 c6 11. Nh3 cxd5 12. cxd5 a4 13. Qd2 Bd7 14. Nf2 Qa5 15. Nb1
Rfc8 16. Qxa5 Rxa5 17. Nc3 h5 18. g5 Ne8 19. Bd2 Raa8 20. Bb5 Bxb5 21. Nxb5 Bf8
22. Ke2 Nc7 23. Na3 Be7 24. Rac1 b6 25. Be3 Kf8 26. Rc2 Ke8 27. Rb1 Kd7 28. Nc4
Rcb8 29. b4 axb3 30. axb3 Nb5 31. b4 Na4 32. Kd3 Bd8 33. f4 exf4 34. Bxf4 Rc8
35. Rb3 f6 36. Nh3 Ra7 37. Be3 Rac7 38. Nf4 fxg5 39. Nxg6 gxh4 40. Nf8+ Ke8 41.
Ne6 Rf7 42. Rb1 Bf6 43. Rf1 Rxc4 44. Kxc4 Na3+ 45. Kb3 Nxc2 46. Kxc2 Be5
 1/2-1/2

[Event "2. Bundesliga West 2019/20"]
[Site "Jenbach"]
[Date "2019.10.05"]
[Round "2"]
[Board "2"]
[White "Kondrak, Christoph"]
[Black "Reich, Thomas"]
[Result "0-1"]
[WhiteElo "2085"]
[BlackElo "2376"]
[PlyCount "136"]
[EventDate "2019.10.04"]
[EventType "team"]
[EventRounds "11"]
[EventCountry "AUT"]
[WhiteTeam "Rochade/Rum"]
[BlackTeam "Jenbach 2"]

1. d4 Nf6 2. c4 e6 3. a3 d5 4. cxd5 exd5 5. Nc3 c6 6. Nf3 Nbd7 7. Bf4 Nh5 8.
Bg5 Be7 9. Bxe7 Qxe7 10. e3 O-O 11. Bd3 Nf4 12. O-O Nxd3 13. Qxd3 Nb6 14. Rfe1
g6 15. e4 dxe4 16. Qxe4 Qxe4 17. Rxe4 Be6 18. Ng5 Bd7 19. Re7 Rfe8 20. Rae1
Rxe7 21. Rxe7 h6 22. Nf3 Kf8 23. Re1 Bf5 24. h3 g5 25. b4 Rd8 26. b5 cxb5 27.
Re5 Bd3 28. Rc5 a6 29. Ne5 Rxd4 30. Rc7 Bc4 31. Rxb7 Nd5 32. Nxd5 Bxd5 33. Rb6
Re4 34. Nd7+ Kg7 35. Nc5 Re7 36. Nxa6 Re1+ 37. Kh2 Bc4 38. Nc7 Rb1 39. Ne8+ Kf8
40. Nd6 Bd3 41. Rb7 f5 42. Rf7+ Kg8 43. Rf6 f4 44. Nf5 Bxf5 45. Rxf5 Kg7 46. h4
Kg6 47. Rf8 b4 48. Rb8 gxh4 49. Rb6+ Kg5 50. Rb5+ Kf6 51. Kh3 Ke6 52. Kxh4 Kd6
53. Kg4 Kc6 54. Rb8 Kc5 55. Kxf4 Re1 56. Rc8+ Kd4 57. Rd8+ Kc3 58. Rd6 b3 59.
Rxh6 b2 60. Rb6 b1=Q 61. Rxb1 Rxb1 62. g4 Kd4 63. Kf5 Kd5 64. f4 Kd6 65. Kf6
Rb2 66. Kg5 Ke6 67. f5+ Kf7 68. Kh5 Kf6  0-1

[Event "2. Bundesliga West 2019/20"]
[Site "Jenbach"]
[Date "2019.10.05"]
[Round "2"]
[Board "3"]
[White "Pali, Philipp"]
[Black "Jedinger, Andreas"]
[Result "1/2-1/2"]
[WhiteElo "2249"]
[BlackElo "2092"]
[PlyCount "143"]
[EventDate "2019.10.04"]
[EventType "team"]
[EventRounds "11"]
[EventCountry "AUT"]
[WhiteTeam "Jenbach 2"]
[BlackTeam "Rochade/Rum"]

1. Nf3 c5 2. c4 Nc6 3. g3 g6 4. Bg2 Bg7 5. Nc3 e5 6. a3 a5 7. O-O Nge7 8. Ne1
d6 9. Nc2 Be6 10. Ne3 O-O 11. Ned5 Rb8 12. d3 h6 13. Rb1 Kh7 14. Bd2 f5 15. b4
axb4 16. axb4 Nxb4 17. Nxb4 cxb4 18. Rxb4 d5 19. cxd5 Nxd5 20. Rb5 e4 21. Nxd5
Bxd5 22. Bf4 Bc6 23. Rb4 Qe7 24. Qb1 Rbe8 25. dxe4 fxe4 26. Rc1 Rf6 27. Be3 Re6
28. h4 Qf7 29. Rcc4 Bf8 30. Rb6 Bd5 31. Rc1 Bg7 32. Bh3 Rxb6 33. Qxb6 Bc6 34.
Qc5 Qd5 35. Qxd5 Bxd5 36. Rc7 Kg8 37. Bd7 Rd8 38. Rc5 Bf7 39. Rb5 Bc4 40. Rxb7
Bxe2 41. Bh3 Re8 42. Kh2 h5 43. Bd7 Ra8 44. Bc6 Rd8 45. Bxe4 Bd3 46. Bf3 Bf5
47. Ra7 Bd4 48. Bxd4 Rxd4 49. Kg2 Be4 50. Bxe4 Rxe4 51. Kf3 Rb4 52. Ke3 Rg4 53.
Rd7 Ra4 54. f3 Rb4 55. Rd4 Rb3+ 56. Ke4 Kg7 57. Kf4 Ra3 58. Rb4 Rc3 59. Rb5 Ra3
60. g4 hxg4 61. fxg4 Ra7 62. g5 Ra4+ 63. Ke5 Rxh4 64. Rb7+ Kg8 65. Kf6 Ra4 66.
Rg7+ Kh8 67. Rxg6 Ra6+ 68. Kf5 Ra5+ 69. Kg4 Kh7 70. Rb6 Ra1 71. Rf6 Kg7 72. Rf4
 1/2-1/2

[Event "2. Bundesliga West 2019/20"]
[Site "Jenbach"]
[Date "2019.10.05"]
[Round "2"]
[Board "4"]
[White "Berchtold, Clemens"]
[Black "Binder, Moriz"]
[Result "0-1"]
[WhiteElo "2050"]
[BlackElo "2197"]
[PlyCount "50"]
[EventDate "2019.10.04"]
[EventType "team"]
[EventRounds "11"]
[EventCountry "AUT"]
[WhiteTeam "Rochade/Rum"]
[BlackTeam "Jenbach 2"]

1. d4 Nf6 2. c4 e6 3. Nc3 Bb4 4. e3 O-O 5. Nge2 c6 6. a3 Ba5 7. Bd2 d5 8. cxd5
exd5 9. Ng3 Re8 10. b4 Bc7 11. Bd3 Bg4 12. Qc2 Nbd7 13. O-O Nf8 14. Rfe1 Rc8
15. f3 Bh5 16. Nf5 Bg6 17. Ne2 Bb8 18. Neg3 Nh5 19. Nf1 Ne6 20. Re2 Bxf5 21.
Bxf5 Nxd4 22. exd4 Rxe2 23. Bxc8 Qxc8 24. Ne3 Qe6 25. Kf1 Qxe3  0-1

[Event "2. Bundesliga West 2019/20"]
[Site "Jenbach"]
[Date "2019.10.05"]
[Round "2"]
[Board "6"]
[White "Ritzer, Franz"]
[Black "Lederwasch, Bernhard"]
[Result "0-1"]
[WhiteElo "2039"]
[BlackElo "2166"]
[PlyCount "66"]
[EventDate "2019.10.04"]
[EventType "team"]
[EventRounds "11"]
[EventCountry "AUT"]
[WhiteTeam "Rochade/Rum"]
[BlackTeam "Jenbach 2"]

1. Nf3 f5 2. c4 Nf6 3. Nc3 d6 4. d4 g6 5. g3 Bg7 6. Bg2 O-O 7. O-O Qe8 8. Re1
Qf7 9. Qd3 h6 10. a3 a5 11. b3 Nh5 12. e3 e5 13. dxe5 dxe5 14. Qd2 Nc6 15. Bb2
Be6 16. Rad1 Rad8 17. Qe2 e4 18. Nd2 Ne5 19. Rf1 Nd3 20. Ba1 Qe7 21. f3 exf3
22. Nxf3 Nc5 23. Qc2 c6 24. Nh4 Bf7 25. Rfe1 Rxd1 26. Qxd1 Rd8 27. Qc2 Nf6 28.
Nf3 Ng4 29. b4 axb4 30. axb4 Nd3 31. Nd5 Rxd5 32. cxd5 Nxe1 33. Nxe1 Bxa1  0-1

[Event "2. Bundesliga West 2019/20"]
[Site "Jenbach"]
[Date "2019.10.05"]
[Round "2"]
[Board "1"]
[White "Barp, Alberto"]
[Black "Shengelia, David"]
[Result "1/2-1/2"]
[WhiteElo "2396"]
[BlackElo "2531"]
[PlyCount "100"]
[EventDate "2019.10.04"]
[EventType "team"]
[EventRounds "11"]
[EventCountry "AUT"]
[WhiteTeam "Kufstein/Woergl"]
[BlackTeam "Absam"]

1. d4 Nf6 2. c4 e6 3. Nf3 b6 4. g3 Ba6 5. b3 Bb4+ 6. Bd2 Be7 7. Bg2 O-O 8. O-O
d5 9. cxd5 exd5 10. Nc3 Re8 11. Ne5 Bb7 12. Qc2 c5 13. dxc5 Bxc5 14. Nd3 Nc6
15. Nxc5 bxc5 16. Bg5 Nd4 17. Qd1 h6 18. Bxf6 Qxf6 19. e3 Nf3+ 20. Bxf3 Qxc3
21. Rc1 Qa5 22. Rc2 Red8 23. Qc1 Rac8 24. Rd1 Qb4 25. Rcd2 d4 26. Bxb7 Qxb7 27.
Qb2 Qf3 28. Rd3 Rd5 29. exd4 Qf5 30. Qe2 Rcd8 31. Qf3 Qd7 32. Qf4 cxd4 33. R1d2
a5 34. Rd1 Qa7 35. Rc1 Qb6 36. Rcd1 Qc5 37. Rc1 Qb6 38. Rcd1 h5 39. h4 g6 40.
R1d2 Kg7 41. Rd1 R8d6 42. Qd2 Qd8 43. b4 axb4 44. Qxb4 Qf6 45. a4 Qe5 46. a5
Qe2 47. Qd2 Qg4 48. a6 Rxa6 49. Rxd4 Rxd4 50. Qxd4+ Qxd4  1/2-1/2